|
|
|
|
| LEADER |
00000nab a2200000 a 4500 |
| 001 |
vtls000664403 |
| 003 |
SK-MaSNL |
| 005 |
20260304095641.0 |
| 008 |
250425c1998 xo 0 slo |
| 015 |
|
|
|a SNBRB1998/06-15980
|
| 035 |
|
|
|a CLN000016589
|
| 035 |
|
|
|a urn:nbn:sk:snk-abdpxs
|
| 035 |
|
|
|a (urnnbn)urn:nbn:sk:snk:ar-001rkg
|
| 035 |
|
|
|a (uuid)a8109646-554c-4e07-a591-d1caed46cd65
|
| 040 |
|
|
|a SNKBUCL
|b slo
|c SNKBUCL
|e AACR2
|
| 041 |
0 |
|
|a slo
|
| 044 |
|
|
|a xo
|c SK
|
| 080 |
|
|
|a 726.54(450)
|2 1997
|
| 100 |
1 |
|
|a Dahinden, Justus
|4 aut
|9 769709
|
| 245 |
1 |
0 |
|a Kostol sv. Maximiliána Kolbeho vo Varese (Taliansko)
|c Justus Dahinden
|
| 300 |
|
|
|b Fotogr., obr.
|
| 610 |
|
7 |
|a Kostol sv. Maximiliána Kolbeho (Varese, Taliansko)
|x architektúra
|2 snkbucl
|9 1393037
|
| 655 |
|
7 |
|a články z novín a časopisov
|2 snkbucl
|9 267496
|
| 773 |
0 |
|
|t Projekt
|g Roč. 40, č. 3 (1998), s. 51-53
|x 1335-2180
|
| 850 |
|
|
|a Slovenská národná knižnica
|
| 852 |
|
|
|a Slovenská národná knižnica
|
| 954 |
|
|
|a odborná, vedecká literatúra pôvodná (slovenská)
|2 lita
|
| 958 |
|
|
|a article19
|
| 958 |
|
|
|a OND
|
| 958 |
|
|
|a IT
|
| 958 |
|
|
|a EUIPO
|
| 992 |
|
|
|a RBX
|
| 999 |
|
|
|c 2833765
|d 2835695
|